000
00212nam a22000857a 4500
008
170104b xxu||||| |||| 00| 0 eng d
100
_9
2257
_a
Chugh.R.K
245
_a
Computer Acivity-8
260
_a
New Delhi
_b
G.R.B
_c
2012
999
_c
5144
_d
5144